000 00640nam a22001697a 4500
005 20231117061636.0
008 231117b |||||||| |||| 00| 0 eng d
041 _aEnglish
082 _a343.9 BIN
100 _aBingham, L
_lEnglish
245 _aMotor Claims Cases Being A Digest of Fully Annotated Cases Connected With Motor Claims :
_bTogether with the relevant statutory matter and tables /
_cL Bingham
250 _aFourth Edition
260 _aLondon :
_bButterworth and Company Publishers Ltd,
_c1960
300 _bxlvii, 775 pages ;
_c26 cm.
650 _aLegal practice
_bLaw
942 _cBK
_6ALISON_BN_VRIES
999 _c746
_d746